[Event "Biel GM 51st"]
[Site "Biel"]
[Date "2018.07.31"]
[Round "9"]
[White "Mamedyarov, Shakhriyar"]
[Black "Carlsen, Magnus"]
[Result "1-0"]
[WhiteElo "2801"]
[BlackElo "2842"]
[Annotator "Mamedyarov,Shakhriyar"]
[PlyCount "109"]
[EventDate "2018.07.22"]
[EventType "tourn"]
[EventRounds "10"]
[EventCountry "SUI"]
[EventCategory "20"]
[SourceTitle "CBM 186"]
[Source "ChessBase"]
[SourceDate "2018.09.14"]
[SourceVersion "1"]
[SourceVersionDate "2018.09.14"]
[SourceQuality "1"]

{The tournament situation obliged Carlsen to play for the full point. As fror me conversely, I was hoping that this situation would give me additional prospects and thus early on the hope of winning the tournament and I waited for my chance...   Die Turniersituation verpflichtete Carlsen, auf den vollen Punkt zu spielen. Ich meinerseits hoffte im Umkehrschluss darauf, dass diese Lage mir zusätzliche Aussichten geben wird, diese Partie und somit vorzeitig auch das Turnier zu gewinnen, und wartete auf meine Chance...} 1. d4 Nf6 2. c4 g6 3. g3 Bg7 4. Bg2 O-O 5. Nc3 d6 6. Nf3 c5 7. O-O Nc6 8. e3 d5 9. cxd5 Nxd5 10. Nxd5 Qxd5 11. Ne5 Qd6 12. Nc4 $146 {With this move White maintains the tension (both on the board and also psychologically) .  Mit diesem Zug hält Weiß die Spannung (sowohl auf dem Brett, als auch die psychologische) aufrecht.} ({RR} 12. Nxc6 bxc6 13. dxc5 Qxc5 14. Qf3 Ba6 15. Rd1 Rfd8 16. e4 Qc2 17. Rxd8+ Rxd8 18. Bg5 Bxb2 19. Re1 f6 20. Bh6 g5 21. h4 Bc3 22. Re3 Rd1+ 23. Kh2 Bd4 24. Rb3 Bb6 25. hxg5 Qxf2 26. Qxf2 Bxf2 {Mader,L (1880)-Caliebe,N (1427) Erfurt 2017 0-1 (39)}) 12... Qc7 13. d5 Rd8 ({The move Der Zug} 13... Ne5 {is quieter and safer (after the game Carlsen expressed the same opinion), but Black had to take something of a risk. ist ruhiger und sicherer (nach der Partie äußerte Carlsen die gleiche Meinung), aber Schwarz musste etwas riskieren.} 14. Qc2 Bd7 15. Nxe5 Bxe5 16. Bd2) 14. Bd2 $1 Nb4 $6 ({The correct move is Richtig ist} 14... Ne5 {and after und nach} 15. Nxe5 Bxe5 16. Bc3 {the position is more or less level. ist die Stellung etwa ausgeglichen.}) 15. Bxb4 ({During the game I invested a lot of time in In der Partie investierte ich sehr viel Zeit in} 15. e4 $1 {I felt that it should lead to an advantage for White, but in the long run I did not manage to evaluate the position which arose after it - Ich fühlte, dass es zum weißen Vorteil führen soll, aber letztendlich ist es mir nicht gelungen, die daraus resultierende Stellung einzuschätzen -} b5 16. Bf4 $1 e5 (16... Qb7 17. Ne5 g5 (17... f6 18. Nd3 $16) (17... c4 18. a3 Bxe5 19. Bxe5 Nd3 20. Bc3 $16) 18. Nxf7 $1 Kxf7 19. Bxg5 Qb6 (19... c4 20. e5 Bf5 21. Qf3 $1 Kg6 22. g4 Bd3 23. e6 Rf8 24. Qh3 h6 25. Rad1 $1 Kxg5 26. Qh5+ Kf4 27. Rde1 Nc2 28. g5 Nxe1 29. Rxe1 Qb6 30. Qh4+ Kf5 31. Qh5 Kf4 32. Bf3 $1 (32. h3 Qxf2+ 33. Kxf2 Bd4+ 34. Re3 Bxe3+ 35. Ke1 Ke5)) 20. a3 Na6 21. e5) 17. d6 $16 {- this is precisely the move I missed when calculating. Pity! - gerade dieser Zug ist mir bei dem Berechnen entgangen. Schade!}) 15... cxb4 16. Rc1 a5 (16... Bd7 17. Qd2 a5 18. e4 {and White had no problems. und Weiß hat keine Probleme.}) 17. a3 bxa3 18. bxa3 a4 $1 {A very strong reply! Black prevents a3-a4. Sehr starke Erwiderung! Schwarz unterbindet a3-a4.} 19. Qd3 ({Playing Zu Spielvereinfachung und Ausgleich hätte} 19. Qd2 $1 Qc5 20. Qa2 Bd7 21. Ne5 Qd6 22. Nxd7 Qxd7 23. Rfd1 {would have sufficed to simplify the game and equalise. But I found a more interesting idea which also better suited my style. gereicht. Aber ich fand eine interessantere Idee, die auch meinem Stil besser entspricht.}) 19... Bf5 {After this move White gets more active play. After the game Carlsen explained that he had overlooked 21.e3. Nach diesem Zug bekommt Weiß aktiveres Spiel. Nach der Partie erklärte Carlsen, dass er 21.e3 übersah.} ({There was the very strong Sehr stark war} 19... Rb8 $1 {and after und nach} 20. f4 Bd7 21. Ne5 Qd6 22. Nxd7 Qxd7 23. e4 {the position is close to equality. ist die Stellung dem Ausgleich nahe.}) 20. e4 Bd7 21. Qe3 Ra6 22. e5 $1 {Now Black has to be very prcise so as not to fall into a bad position. Jetzt muss Schwarz sehr genau agieren, um nicht in eine schlechte Lage zu geraten.} b5 $1 23. d6 Qb8 $1 (23... exd6 24. Nxd6 Qa7 25. Qg5 Rf8 26. Bd5 {with a powerful attack. mit gewaltigem Angriff.}) 24. dxe7 Re8 25. Rfd1 $1 Rxe7 26. Qc5 $1 {Magnus obviously missed this move. At this moment he began to feel ill at ease, because his position appeared unpleasant to him.  What do you think: which reply would now allow Black to hold his position? Dieser Zug ist Magnus offensichtlich entgangen. In diesem Moment fing er an, sich unwohl zu fühlen, weil ihm seine Stellung unangenehm schien.  Was meinen Sie: welche Antwort würde dem Schwarzen jetzt erlauben, seine Stellung zu halten?} Qf8 (26... Qd8 $2 27. Qxb5 $1) (26... Qe8 27. Nd6) (26... Bf8 $1 {The only move which preserves Black from a bad position. Der einzige Zug, der den Nachziehenden vor einer schlechten Position bewahrt.} 27. Nd6 Re8 $1 28. Bd5 Bxd6 29. exd6 Rc8 (29... Rxd6 $4 30. Bxf7+ $18 (30. Qxd6 $2 Re1+ $1) 30... Kxf7 31. Rxd6 $18) 30. Bxf7+ (30. Qc7 Rxc7 31. dxc7 Qf8 $1 (31... Qc8 32. Bb7) 32. Bxf7+ Qxf7 33. Rxd7 Qxd7 34. c8=Q+ Qxc8 35. Rxc8+ Kg7 36. Rb8 Rd6 37. Rxb5 Rd3) 30... Kxf7 31. Qd5+ Kf8 32. Qe5 Rxc1 (32... Kg8 33. Rc7) 33. Qh8+ Kf7 34. Qxh7+ Kf8 35. Qh8+ $11 {Of course it is anything but simple to find all this over the board. Selbstverständlich ist es alles andere als leicht, das alles am Brett zu finden.}) 27. Ne3 $1 {Magnus had also overlooked this continuation. Auch diese Fortsetzung hat Magnus übersehen.} (27. Nb6 Bg4 28. Re1 Rea7) 27... Be6 (27... Bxe5 $2 28. Rxd7) 28. Qxb5 Raa7 29. Nd5 Bxd5 30. Rxd5 Reb7 31. Qd3 Rb8 32. h4 Qe8 33. Qd4 (33. Bh3 $1 {This option, which I did not notice during the game, gives White a clear advantage. Diese Option, die ich während der Partie nicht bemerkte, gibt dem Weißen klaren Vorteil.} Bxe5 (33... Qe7 34. h5 $16) 34. Re1 Re7 (34... f6 35. f4 Bd4+ 36. Kf1) 35. Bd7 Bb2 36. Bxe8 Rxe1+ 37. Kg2 Rexe8 38. h5 $16) 33... Qe7 34. f4 $6 {I felt a strong desire to win this game and decided to play sharply, but by doing so reduced White's advantage. Ich verspürte den starken Wunsch, diese Partie zu gewinnen, und habe mich entschlossen, scharf zu spielen, aber dabei reduziert sich der weiße Vorteil.} ({The correct way was the simple continuation Richtig war die einfache Fortsetzung} 34. Rc4 Bf8 35. Kh2 {and White is clearly superior. und der Anziehende steht klar überlegen.}) 34... Bf8 35. Kh2 Rab7 ({The best defence consisted of Die beste Verteidung bestand in} 35... Rc7 $1 {but it was not so easy to find in time trouble: , die aber in Zeitnot nicht so leicht zu finden war:} 36. Rxc7 Qxc7 37. Rd7 Qc2 38. Qd5 Qf5 $1 {(the point behind Black's idea - the rook is brought to the second rank) (die Pointe der schwarzen Idee - der Turm wird auf die zweite Reihe gebracht)} 39. Rc7 Rb2 40. Qc4 Bxa3 41. Qxa4 Bb4 {with good drawing chances, e.g. mit guten Remisaussichten, z. B.} 42. Qa8+ Kg7 43. Qa1 Rd2 44. e6+ Kh6 45. exf7 (45. Rxf7 Rxg2+ $1 46. Kxg2 Qe4+ $11) 45... Qd5 46. Qf1 Bf8 47. Kh1 Qd6 48. Rc6 Rd1 49. Rxd6 Rxf1+ 50. Bxf1 Bxd6 $11 {- to calculate all this to the end you need to have a brain like a computer :) - um das alles bis zum Ende auszurechnen, muss man funktionieren wie ein Computer :)}) 36. Qxa4 {I was already short of time here and did not want to take any risks, so I simply cashed in on the a4-pawn - it is not easy for Black to hold this position. But objectively speaking my decision was wrong. Hier hatte ich bereits wenig Zeit und wollte kein Risiko eingehen, somit kassierte ich einfach den Bauern a4 - es ist für Schwarz nicht einfach, diese Position zu halten. Aber objektiv gesehen war meine Entscheidung falsch.} ({But there was the very strong Sehr stark war aber} 36. Rd6 $1 Rb2 (36... Rc7 37. Rxc7 Qxc7 38. Rc6 $1 Qd8 39. Bd5 Bxa3 40. e6 $18) 37. Kh3 $1 $18 {(unfortunately I did not discover this move when calcualting the variations) (diesen Zug habe ich bei dem Variantenberechnen leider nicht entdeckt)} R8b3 38. Rc8 Re2 39. Rxf8+ $1 Kxf8 40. e6 f6 41. Rd8+ Kg7 42. Rd7 $18) 36... Qxa3 37. Qxa3 Bxa3 38. Rcd1 Be7 39. Kh3 (39. h5 gxh5) 39... Rc7 40. h5 $1 {The strongest continuation which gives my opponent the maximum of defensive difficulties to overcome. Die stärkste Fortsetzung, die dem Gegner maximale Verteidigungsschwierigkeiten bereitet.} gxh5 $1 41. f5 f6 42. e6 $1 (42. Rd7 Rxd7 43. Rxd7 Kf8 44. e6 {- here Black hangs on easily. - hier behauptet sich Schwarz leicht.}) 42... Rb3 $1 {Carlsen chooses the best defence. Carlsen verteidigt sich optimal.} 43. Rd7 Rbc3 44. Ra1 Kg7 45. Ra8 Kh6 {Black can hold by playing only moves. In my calculations I thought that this position is won for White, but in reality that does not seem to be the case.  Schwarz hält sich mit einzigen Zügen. Bei meiner Vorausberechnung dachte ich, dass diese Stellung für Weiß gewonnen ist, aber in Wirklichkeit scheint es nicht der Fall zu sein.} 46. Re8 (46. Be4 Re3 47. Rxc7 Bd6 48. Rd7) 46... Bb4 47. Rb8 Be7 48. Be4 {By this point I had already understood that the position, objectively speaking, is drawn; nevertheless I kept on looking for chances to win the game. Zu diesem Zeitpunkt hatte ich bereits verstanden, dass die Position objektiv gesehen Remis ist, nichtsdestotrotz suchte ich weiterhin nach Chancen, die Partie zu gewinnen.} R3c4 {This does not yet throw away the draw. Das wirft das Unentschieden noch nicht weg.} (48... Re3 $3 49. Rxc7 Bd6 50. e7 Rxg3+ $11 51. Kh4 Rg4+ 52. Kh3 Rg3+ $11) 49. Bd5 R4c5 50. Rb7 Rxd7 51. Rxd7 Ra5 (51... Bf8 $1 52. Kg2 (52. Rf7 Bd6 53. Ba8 Re5) 52... Rb5 $1 (52... Ra5 53. Be4 Ba3 54. Rf7 $16) 53. Kf3 (53. Be4 Ba3) 53... Ba3 $1 54. Ke4 Rb4+ 55. Kd3 Rg4 $11 56. e7 Rxg3+ 57. Kc2 Bxe7 58. Rxe7 h4 $11) 52. Bc6 $2 (52. Bc4 $1 $18 Rc5 53. Bd3 Rc3 54. Rxe7 $3 Rxd3 55. Re8 {- it is hard to believe but this position is a win - - kaum zu glauben, aber diese Position ist gewonnen -} Re3 (55... Kg7 56. Rc8 Re3 57. Kh4 Re5 58. Ra8 Re1 59. Kxh5) 56. Rg8 Re2 57. g4 hxg4+ 58. Kg3 Kh5 59. Rxg4 Re1 60. Kf3 Rb1 61. Rg7) 52... Ba3 53. Rf7 Re5 (53... Rxf5 $1 {Magnus suggested this reply after the game. He was probably correct - the position which arises in this case appears rather to be drawn. Diese Antwort schlug Magnus nach der Partie vor. Wahrscheinlich hatte er recht - die in diesem Fall entstehende Position scheint eher Remis zu sein.} 54. e7 Bxe7 55. Rxe7 Rc5 56. Be4 f5 57. Bd3 Rd5 58. Re3 Kg6 59. Rf3 Kg5 60. Bc2 Ra5 61. Rf1 Rd5) 54. Kh4 $1 {Carlsen did not consider this possibility. Diese Möglichkeit hat Carlsen nicht in Betracht gezogen.} Bc1 $4 (54... Bb4 $1 55. Rxf6+ Kg7 56. Rf7+ Kh6 $1 {- it is hard to believe but this position is probably a draw -  - schwer zu glauben, aber diese Stellung ist wahrscheinlich Remis -} 57. Bd7 Re3 58. f6 Kg6 {and White can make no further progress. und Weiß kommt nicht weiter.}) 55. e7 {1-0 (55) Mamedyarov,S (2801)-Carlsen,M (2802) Biel 2018 EXT 2019 [Mamedyarov,S]} 1-0

[Event "Sinquefield Cup 6th"]
[Site "Saint Louis"]
[Date "2018.08.22"]
[Round "5"]
[White "Carlsen, Magnus"]
[Black "So, Wesley"]
[Result "1/2-1/2"]
[WhiteElo "2842"]
[BlackElo "2780"]
[PlyCount "102"]
[EventDate "2018.08.18"]
[EventType "tourn"]
[EventRounds "9"]
[EventCountry "USA"]
[EventCategory "22"]
[SourceTitle "CBM 186"]
[Source "ChessBase"]
[SourceDate "2018.09.14"]
[SourceVersion "1"]
[SourceVersionDate "2018.09.14"]
[SourceQuality "1"]

1. d4 Nf6 2. c4 e6 3. Nf3 d5 4. Nc3 c5 5. e3 Nc6 6. cxd5 Nxd5 7. Bd3 Be7 8. O-O O-O 9. Qe2 b6 10. Rd1 cxd4 11. Nxd5 Qxd5 12. exd4 Bb7 13. Be4 Qd6 14. g3 $146 ({RR} 14. d5 exd5 15. Bxd5 Qc7 16. Bg5 Rae8 17. Qc4 Bc5 18. Rac1 Ne5 19. Nxe5 Qxe5 20. Bxb7 Qxg5 21. b4 Be7 22. a3 Rd8 23. Qa6 Bd6 24. g3 Bb8 25. Qc4 g6 26. Bd5 Kg7 27. Rc3 Rd7 28. Rcd3 Rfd8 {Stork,O (2289)-Nagy,G (2439) Germany GER 2024 ½-½ (32)}) ({RR} 14. d5 exd5 15. Bxd5 Qc7 16. Bg5 Rae8 17. Qc4 Bc5 18. Rac1 Ne5 19. Nxe5 Qxe5 20. Bxb7 Qxg5 21. b4 Be7 22. a3 Rd8 23. Qa6 Bd6 24. g3 Bb8 25. Qc4 g6 26. Bd5 Kg7 27. Rc3 Rd7 28. Rcd3 Rfd8 {Stork,O (2289)-Nagy,G (2439) Germany GER 2024 ½-½ (32)}) 14... Bf6 15. Bg5 Qe7 16. Bxf6 Qxf6 17. Ne5 Rfc8 18. Qb5 Na5 19. Bxb7 Nxb7 20. Qd7 Nc5 21. dxc5 Qxe5 22. c6 h5 23. Rd6 Qxb2 24. Rad1 Qc2 25. h4 Rd8 26. Qxd8+ Rxd8 27. Rxd8+ Kh7 28. R8d7 a5 29. c7 b5 30. R1d2 Qc1+ 31. Rd1 Qc2 32. R1d4 f6 33. Rd2 Qc1+ 34. Rd1 Qc2 35. R1d6 Qb1+ 36. Rd1 Qc2 37. R1d6 Qb1+ 38. Kg2 Qe4+ 39. Kh2 Qc2 40. Rd2 Qc3 41. R2d6 Qc2 42. Rd2 Qc3 43. Re2 e5 44. Red2 b4 45. R2d6 Kg6 46. Kg2 Qc2 47. Re7 Qe4+ 48. Kg1 Qe1+ 49. Kg2 Qe4+ 50. Kg1 Qe1+ 51. Kg2 Qe4+ 1/2-1/2

[Event "Sinquefield Cup 6th"]
[Site "Saint Louis"]
[Date "2018.08.26"]
[Round "8"]
[White "Mamedyarov, Shakhriyar"]
[Black "Carlsen, Magnus"]
[Result "1/2-1/2"]
[WhiteElo "2801"]
[BlackElo "2842"]
[Annotator "Fernandez,Daniel Howard"]
[PlyCount "116"]
[EventDate "2018.08.18"]
[EventType "tourn"]
[EventRounds "9"]
[EventCountry "USA"]
[EventCategory "22"]
[SourceTitle "CBM 186"]
[Source "ChessBase"]
[SourceDate "2018.09.14"]
[SourceVersion "1"]
[SourceVersionDate "2018.09.14"]
[SourceQuality "1"]

1. d4 Nf6 2. c4 g6 3. Nf3 Bg7 4. g3 c6 5. Bg2 d5 {Black indicates that he is fine with a draw, by entering the infamous ...c6, ...d5 setup against the Fianchetto KID.} 6. Nbd2 (6. O-O O-O 7. cxd5 cxd5 8. Nc3 {brings us to 'the big position', where Black decides between, in the first instance, ...c6, ...e6 or ...e4. My personal favourite, and the most commonly played, is ...e6.} e6 9. Ne5 {This is most testing.} (9. b3 Nc6 10. Ne5 (10. Ba3 Re8 11. e3 Qa5 12. Bb2 Bd7) 10... Nxe5 11. dxe5 Ng4 12. e4) (9. Bf4 Nc6 10. Ne5 Nh5 $132) 9... Bd7 $5 {Used in a previous Mamedyarov game.} (9... Nfd7 {is a common choice, inviting the repetition. An independent line now is:} 10. f4 $1 Nxe5 $5 (10... Nc6 11. b3 $1 Ndxe5 (11... Re8 12. Ba3 Qa5 13. Bb2 Ne7 14. Qd3 {is also nice for White.}) 12. dxe5 f6 13. exf6 Bxf6 14. Bb2 $14) 11. fxe5 f6 12. e4 $5 {A new idea of mine, as far as I know.} fxe5 13. Rxf8+ Qxf8 14. exd5 exd4 (14... exd5 15. Nxd5 Nc6 $14) 15. Ne4 exd5 16. Ng5 $1 h6 (16... Nc6 $2 17. Bxd5+ Kh8 18. Nf7+ Kg8 19. Qf3 h5 20. Bf4 $32) 17. Bxd5+ Kh8 18. Nf7+ Kh7 19. Bxh6 $1 Bxh6 20. Nxh6 Qxh6 21. Qxd4 $40 {Black has to find a series of precise moves to survive.}) 10. Bg5 h6 11. Bf4 Nc6 12. Qd2 Kh7 13. Rfd1 Nh5 14. e4 Nxf4 15. Qxf4 dxe4 16. Nxe4 Qe7 17. h4 Rad8 $1 $11 {Mamedyarov,S-Artemiev,V Moscow 2017}) 6... a5 7. b3 a4 8. Ba3 axb3 $5 {I don't always understand why Black players are so keen to resolve this tension, because the pawn on a4 is so rarely edible.} (8... O-O 9. O-O Ne4 $132) 9. axb3 O-O 10. O-O Re8 11. e3 ({The most direct way is} 11. Bb2 Na6 12. Ne5 Bf5 13. f3 {but here Black can take care of himself, for instance after} Qb6 $11 {. Therefore White leaves the bishop on a3, which represents a form of tension.}) 11... Bf5 12. Qe2 {How very subtle.} Na6 $146 {This move tries to be too careful, and gives White a couple of interesting possibilities for play over the next 5 moves or so.} (12... Nbd7 {was also possible, but maybe Black was concerned about} 13. cxd5 cxd5 14. Qb5 $36 {and White has a brief burst of activity.}) ({RR} 12... Nbd7 13. cxd5 cxd5 14. h3 e6 15. g4 Be4 16. g5 Bxf3 17. Bxf3 Nh5 18. Bxh5 gxh5 19. f4 Qb6 20. Bb2 Nf8 21. Qxh5 Ng6 22. Qe2 Ne7 23. Qd3 Nf5 24. Rxa8 Rxa8 25. Ra1 Rxa1+ 26. Bxa1 h6 27. gxh6 {Wojtaszek,R (2734)-Ivanchuk,V (2726) Berlin 2015 0-1 (33)}) 13. Ne5 Ne4 14. cxd5 cxd5 15. Nxe4 (15. Rfc1 $5) 15... Bxe4 16. Bxe4 (16. Qb5 $5) 16... dxe4 17. Qb5 Rb8 18. Qc4 Bxe5 $1 $11 {Fully equalising the game, even if this is not obvious yet.} 19. dxe5 Qd3 20. Rac1 (20. Qxd3 exd3 21. Rad1 b5 $3 {is one of the points, even if it doesn't get any objective advantage after} 22. Bb2 $11) 20... Qxc4 21. Rxc4 b5 {As in the previous note, Black targets b3.} 22. Rc6 (22. Rxe4 b4 23. Bb2 Nc5 24. Rc4 Nxb3 25. Rd1 Rec8 $1 $15) 22... Ra8 23. Rfc1 Nb8 24. Rc8 Kf8 25. Bb4 Na6 26. Rxa8 Rxa8 27. Ba5 Ke8 28. Rc6 Kd7 29. Rb6 Nc5 30. b4 (30. Rxb5 {requires either superhuman calculation or an appetite for suffering.} Nxb3 31. e6+ $1 (31. Rxb3 Rxa5 $15 {is certainly drawable, but definitely will not be fun.}) 31... Kxe6 32. Bb4 Nc1 33. Rb6+ {Black cannot escape with the pawn, but if you saw this position from afar, you would still be a lot more concerned than the engine is about White's survival chances after} Kd7 34. Rb7+ Kc6 35. Rxe7 Nd3 36. Bc3 f5 $5 $13) 30... Nd3 31. e6+ (31. Rxb5 Kc6 32. Rb6+ Kd5 33. Rb7 $1 {White keeps enough activity.}) 31... fxe6 32. Rxb5 Rc8 33. Rb7+ Kd6 34. b5 Rc1+ 35. Kg2 Rc2 36. Kg1 {A sign that the position has become practically difficult, and indeed, inaccuracies begin to creep in.} g5 37. Rb8 Rb2 (37... e5 $5) 38. Rd8+ Kc5 39. b6 Rb5 40. Kg2 $6 (40. g4 {still keeps the game level, because Black doesn't have any easy mating configurations.}) 40... g4 41. h3 h5 42. hxg4 hxg4 {Now it is a little bit troublesome to draw this.} 43. Bc3 e5 44. Rg8 Kc4 {One way to initiate the last roll of the dice.} (44... Rxb6 $5 45. Rxg4 Rb3 46. Ba5 Rb2 47. Rxe4 Rxf2+ 48. Kg1 Re2 $15 {White still has quite significant issues to surmount.}) 45. Rc8+ Kd5 46. Rd8+ Kc5 47. Rc8+ ({Why not} 47. Rg8 {?}) 47... Kxb6 48. Rb8+ Kc5 49. Rxb5+ {Clearly, White backed his intuition that this endgame would be drawn.} Kxb5 50. Kf1 Ka4 51. Ke2 e6 52. Kf1 Kb3 53. Ba5 Kc2 54. Ke2 Nc1+ 55. Ke1 Nd3+ (55... Kd3 $11 {is possible, but Black doesn't get anywhere near the progress that he needs, which is, very simply, forcing the White king to f1 at such a moment that ...d1/d2 is then possible.}) 56. Ke2 Nc1+ 57. Ke1 Nd3+ 58. Ke2 Nc1+ 1/2-1/2

[Event "EU-Cup 34th"]
[Site "Porto Carras"]
[Date "2018.10.14"]
[Round "3.1"]
[White "Wojtaszek, Radoslaw"]
[Black "Carlsen, Magnus"]
[Result "1/2-1/2"]
[WhiteElo "2727"]
[BlackElo "2839"]
[PlyCount "93"]
[EventDate "2018.10.12"]
[EventType "team-swiss"]
[EventRounds "7"]
[EventCountry "GRE"]
[SourceTitle "CBM 187"]
[Source "ChessBase"]
[SourceDate "2018.12.11"]
[SourceVersion "1"]
[SourceVersionDate "2018.12.11"]
[SourceQuality "1"]
[WhiteTeam "Novy Bor"]
[BlackTeam "Valerenga"]
[WhiteTeamCountry "CZE"]
[BlackTeamCountry "NOR"]

1. d4 Nf6 2. c4 g6 3. Nf3 Bg7 4. g3 O-O 5. Bg2 c6 6. Nc3 d5 7. cxd5 cxd5 8. Ne5 b6 9. O-O Bb7 10. Bf4 Nc6 11. Rc1 ({RR} 11. Qa4 Rc8 12. Rac1 a6 13. Nxc6 Rxc6 14. Be5 e6 15. Nxd5 Rxc1 16. Nxf6+ Bxf6 17. Rxc1 Bxe5 18. Bxb7 Qxd4 19. Qxd4 Bxd4 20. Bxa6 Bxb2 21. Rc8 Rxc8 22. Bxc8 Kg7 23. e3 h5 24. Kg2 Kf6 25. Bd7 Kg7 {Svidler,P (2732)-Caruana,F (2801) Bilbao 2014 ½-½ (33)}) 11... Rc8 12. Qd2 ({RR} 12. Qa4 a5 13. Rfd1 e6 14. Nb5 Nh5 15. Nxc6 Bxc6 16. Be3 Qd7 17. Rxc6 Rxc6 18. Nc3 Rfc8 19. Qb5 Nf6 20. h3 Qb7 21. Na4 Ne8 22. Nc5 Qe7 23. Nd3 Nd6 24. Qb3 Nc4 25. Nf4 Qd7 26. Kh2 Nxe3 {Alizadeh,M (2015)-Aravindhan,A (2098) chess.com INT 2025 0-1 (50)}) 12... e6 13. Rc2 $146 ({RR} 13. Bg5 Ne7 14. Rc2 Ne8 15. Bh6 Bxh6 16. Qxh6 Nd6 17. Rfc1 f6 18. Nf3 Nef5 19. Qd2 Ne4 20. Qd3 Nfd6 21. Bh3 Qd7 22. Nxe4 dxe4 23. Qb3 Nf5 24. Bxf5 Bd5 25. Qe3 exf3 26. Be4 {½-½ (26) Glud,J (2550)-Andersen,M (2601) Denmark 2020}) ({RR} 13. Bg5 Ne7 14. Rc2 Ne8 15. Bh6 Bxh6 16. Qxh6 Nd6 17. Rfc1 f6 18. Nf3 Nef5 19. Qd2 Ne4 20. Qd3 Nfd6 21. Bh3 Qd7 22. Nxe4 dxe4 23. Qb3 Nf5 24. Bxf5 Bd5 25. Qe3 exf3 26. Be4 {½-½ (26) Glud,J (2550)-Andersen,M (2601) Denmark 2020}) 13... Nxe5 14. Bxe5 Ne8 15. Bxg7 Kxg7 16. Rfc1 Nd6 17. b3 Qf6 18. e3 Ba6 19. a4 Qe7 20. Na2 Rxc2 21. Rxc2 Rc8 22. Rxc8 Bxc8 23. a5 Qc7 24. axb6 Qxb6 25. Qb4 Ba6 26. Qxb6 axb6 27. Nc3 Bd3 28. Bf1 Bc2 29. b4 Ne4 30. Nb5 Bd1 31. Bd3 Nd2 32. Nc3 Bb3 33. Kg2 Bc4 34. Bc2 Bf1+ 35. Kg1 Bc4 36. Kg2 g5 37. g4 Bf1+ 38. Kg3 Nc4 39. h4 h6 40. hxg5 hxg5 41. Ba4 Nb2 42. Bc2 Kf6 43. f4 Bd3 44. Bb3 Bc4 45. Bc2 Bd3 46. Bb3 Bc4 47. Bc2 1/2-1/2